[Event "Ancona Ascoli Province-ch"]
[Site "Porto Sant Elpidio"]
[Date "2016.01.31"]
[Round "4"]
[White "Rinaudo, Claudio"]
[Black "Foglia, Maurizio"]
[Result "0-1"]
[WhiteElo "1892"]
[BlackElo "2090"]
[PlyCount "76"]
[EventDate "2016.01.29"]
[EventType "swiss"]
[EventRounds "5"]
[EventCountry "ITA"]
[SourceTitle "EXT 2018"]
[Source "ChessBase"]
[SourceDate "2017.10.13"]
[SourceVersion "1"]
[SourceVersionDate "2017.10.13"]
[SourceQuality "1"]

1. d4 Nf6 2. Nf3 g6 3. c4 Bg7 4. Nc3 d5 5. cxd5 Nxd5 6. Bd2 Nxc3 7. Bxc3 Nd7 8. e3 0-0 9. Be2 c5 10. 0-0 b6 11. Qc2 Bb7 12. Rfd1 Qc8 13. d5 Nf6 14. e4 Qg4 15. Bd3 c4 16. Bxc4 Qxe4 17. Qb3 Rac8 18. Rd4 Qf5 19. Rdd1 Ne4 20. Bxg7 Kxg7 21. Rac1 Nd6 22. Qc3+ Kg8 23. Qd4 Nxc4 24. Rxc4 Rxc4 25. Qxc4 Rc8 26. Qe2 Bxd5 27. Qxe7 Bxf3 28. gxf3 Qxf3 29. Rd8+ Rxd8 30. Qxd8+ Kg7 31. Qd7 h5 32. Qd4+ Kh7 33. Qd2 Qg4+ 34. Kf1 Qe4 35. b4 Qh1+ 36. Ke2 Qxh2 37. Qd7 Qe5+ 38. Kf1 Qa1+ 0-1

[Event "Ancona Ascoli Province-ch"]
[Site "Porto Sant Elpidio"]
[Date "2016.01.30"]
[Round "2"]
[White "Nagni, Marco"]
[Black "Rinaudo, Claudio"]
[Result "1/2-1/2"]
[WhiteElo "1775"]
[BlackElo "1892"]
[PlyCount "98"]
[EventDate "2016.01.29"]
[EventType "swiss"]
[EventRounds "5"]
[EventCountry "ITA"]
[SourceTitle "EXT 2018"]
[Source "ChessBase"]
[SourceDate "2017.10.13"]
[SourceVersion "1"]
[SourceVersionDate "2017.10.13"]
[SourceQuality "1"]

1. d4 d5 2. c4 e6 3. Nc3 Be7 4. cxd5 exd5 5. Bf4 c6 6. e3 Nf6 7. Bd3 Nbd7 8. Qc2 Nf8 9. h3 Ne6 10. Be5 h6 11. Nf3 0-0 12. 0-0 Re8 13. Rab1 b6 14. b4 Bb7 15. Bf5 Bd6 16. Rfc1 Bxe5 17. Nxe5 Qd6 18. Nxf7 Kxf7 19. Bg6+ Kg8 20. Bxe8 Rxe8 21. a4 Rc8 22. Qd3 Nd7 23. Ne2 Ng5 24. Ng3 Rf8 25. Rc2 Qe6 26. Kh2 Qd6 27. Kg1 Re8 28. a5 Qe6 29. Kh2 Nf7 30. Qf5 Nd6 31. Qxe6+ Rxe6 32. axb6 axb6 33. Rbc1 Kf7 34. Ra1 Nb5 35. Ne2 Nb8 36. Nc3 Nxc3 37. Rxc3 Ba6 38. Rca3 Bb5 39. Ra8 Nd7 40. R1a7 Re7 41. Rc8 Ke6 42. Rca8 Nf6 43. f3 Rxa7 44. Rxa7 Nd7 45. Kg3 Bd3 46. Kf4 Bf5 47. g4 g5+ 48. Kg3 Bh7 49. h4 Bg8 1/2-1/2

[Event "Porto Sant Elpidio op 4th"]
[Site "Porto Sant Elpidio"]
[Date "2001.11.03"]
[Round "5"]
[White "Rinaudo, Claudio"]
[Black "Trancanelli, Claudio"]
[Result "1/2-1/2"]
[WhiteElo "1696"]
[BlackElo "1530"]
[PlyCount "66"]
[EventDate "2001.11.01"]
[EventType "swiss"]
[EventRounds "6"]
[EventCountry "ITA"]
[SourceTitle "EXT 2024"]
[Source "ChessBase"]
[SourceDate "2023.10.10"]
[SourceVersion "1"]
[SourceVersionDate "2023.10.10"]
[SourceQuality "1"]

1. d4 Nf6 2. Nf3 e6 3. e3 d5 4. Bd3 c5 5. dxc5 Bxc5 6. 0-0 Nc6 7. b3 Bd7 8. Bb2 a6 9. a4 0-0 10. Nbd2 Rc8 11. Rc1 Qe7 12. c4 Ba3 13. Bxa3 Qxa3 14. cxd5 Nxd5 15. Nc4 Qe7 16. e4 Nf4 17. e5 f5 18. exf6 Rxf6 19. Qd2 Rcf8 20. Nfe5 Rh6 21. g3 Nxe5 22. Nxe5 Qg5 23. Qb2 Qh5 24. f3 Nxd3 25. Nxd3 Rxf3 26. Rxf3 Qxf3 27. Qd4 Qe2 28. h4 Rg6 29. Qd6 Qe3+ 30. Kh2 Qe2+ 31. Kh3 Qg4+ 32. Kh2 Qe2+ 33. Kg1 Qe3+ 1/2-1/2